[Event "SVK-ch 1st G4 email"]
[Site "Slovakia"]
[Date "2001.??.??"]
[Round "?"]
[White "Turcan, Milan"]
[Black "Strba, Jan"]
[Result "1-0"]
[WhiteElo "1907"]
[BlackElo "1600"]
[PlyCount "24"]
[EventDate "2001.??.??"]
[EventType "tourn (corr)"]
[EventRounds "6"]
[EventCountry "SVK"]
[SourceTitle "Corr 2002"]
[Source "ChessBase"]
[SourceDate "2002.05.23"]
[SourceVersion "1"]
[SourceVersionDate "2002.05.23"]
[SourceQuality "1"]

1. e4 e6 2. d4 d5 3. e5 c5 4. c3 Nc6 5. Nf3 Qb6 6. a3 c4 7. Nbd2 f6 8. Be2 fxe5 9. Nxe5 Nxe5 10. dxe5 Bc5 11. 0-0 Qc7 12. b3 cxb3 1-0